| 000 | 00921 a2200229 4500 | ||
|---|---|---|---|
| 001 | 62 | ||
| 005 | 20260407155406.0 | ||
| 008 | 260407a2005 arg spa d | ||
| 003 | AR-UNSa-BCEJYS | ||
| 040 |
_aAR-UNSa-BCEJYS _bspa _cAR-UNSa-BCEJYS |
||
| 080 |
_a657 _xContabilidad |
||
| 245 | 1 | 0 | _aContabilidad elemental |
| 020 | _a978-987-1140-03-9 | ||
| 250 | _a1a. ed | ||
| 264 | 1 |
_aBuenos Aires : _bOsmar D. Buyatti _c2005 |
|
| 300 |
_a171 p. _c22 cm |
||
| 505 | _a1. Conceptos generales 2. Ecuación básica o educación patrimonial o igualdad patrimonial 3. Métodos de registración contable 4. Cuentas 5. Plan de Cuentas 6. Analisis de cuenta 7. Estados contables 8. Resoluciones Técnicas | ||
| 942 | _cBK | ||
| 590 | _aniveau_biblio:m niveau_hierar:0 | ||
| 100 | 1 | _aLeone, Eduardo César | |
| 856 | 4 | 1 |
_uhttps://biblioeco.unsa.edu.ar/pmb/images/libros/Contabilidad Elemental-l116948.jpg _yImagen de portada _qimage/jpeg |
| 999 |
_c46 _d46 |
||